It looks like you're offline.
Open Library logo
additional options menu

MARC record from Internet Archive

LEADER: 01956pam a2200469 a 4500
005 20151005085407.0
008 110329s2011 xxuab f 001 0 eng d
020 $a9780307890115
020 $a0307890112
020 $a9781906064792 (pbk.)
040 $aICrlF$cICrlF$dICrlF$dKyLxBWI$dUtOrBLW
082 04 $a793.93/2$222
092 $aTEEN 793.932$bPRIC
100 1 $aPrice, James.
245 10 $aDragon age II :$bthe complete official guide /$c[authors James Price, Zy Nicholson].
246 3 $aDragon age 2
246 3 $aDragon age two
260 $a[United States] :$bPiggyback Interactive :$bPrima Games,$cc2011.
300 $a271 p. :$bcol. ill., col. maps ;$c28 cm
336 $atext$btxt$2rdacontent
337 $aunmediated$bn$2rdamedia
338 $avolume$bnc$2rdacarrier
500 $aCover title.
500 $a"BioWare."
500 $a"EA."
500 $aIncludes index.
520 $aThe official player's guide to "Dragon Age II," featuring a walkthrough, maps, story analysis, strategies, a comprehensive bestiary, and tips to collect every item in the role-playing video game, and discussing the major systems, attributes, talents, spells, threat management, status effects, and related topics.
521 2 $aAdult$bFollett Library Resources.
650 0 $aComputer adventure games$vHandbooks, manuals, etc.
650 0 $aVideo games$vHandbooks, manuals, etc.
700 1 $aNicholson, Zy.
710 2 $aBioWare Corp.
710 2 $aElectronic Arts (Firm)
907 $a.b24207354$b05-08-17$c04-21-11
998 $ar3$b04-21-11$cm$da $e-$feng$gxxu$h0$i9
907 $a.b24207354$b08-08-15$c04-21-11
975 $aSFR
980 $a0411
998 $am2$ar3$av3$aw2$b04-21-11$cm$da$e-$feng$gxxu$h0$i9
992 $aBWI
999 $yMARS
945 $aTEEN 793.932$bPRIC$d - - $e11-22-2017 14:06$f0$g0$h12-01-17$i31223095667490$j281$0321$k - - $lr3taa$ol$p$24.99$q-$r-$s- $t1$u13$v3$w0$x1$y.i64188565$z04-21-11